| 000 | 00752aam a2200265 4500 | ||
|---|---|---|---|
| 005 | 20260427160950.0 | ||
| 008 | 150521b2008 xxu||||| |||| 00| 0 spa d | ||
| 020 | _a9789702615606 | ||
| 041 | _aESP | ||
| 082 | _a371.26 P644e | ||
| 100 |
_aPimienta Prieto, Julio Herminio _918781 |
||
| 245 | _aEvaluación de los aprendizajes: un enfoque basado en competencias | ||
| 260 | _aMéxico | ||
| 260 | _bPearson | ||
| 260 | _c2008 | ||
| 300 | _a128 páginas | ||
| 490 | _aTemática General | ||
| 650 | _aEVALUACIÓN EDUCATIVA | ||
| 650 | _aMODELOS DE EVALUACIÓN | ||
| 650 | _aAPRENDIZAJE DE LOS ESTUDIANTES | ||
| 650 | _aTIPOS DE EVALUACIÓN | ||
| 650 | _aMETODOS PARA EVALUACIÓN | ||
| 650 | _aPRUEBAS PARA EVALUACIÓN | ||
| 942 |
_cBK _2ddc |
||
| 999 |
_c2181 _d2181 |
||